ბათუმის შოთა რუსთაველის სახელმწიფო უნივერსიტეტის ბიბლიოთეკა

ეფექტიანი სწავლება. თეორია და პრაქტიკა (ბიბ.ჩანაწერი № 34742)

000 -LEADER
fixed length control field 00597nam a2200205Ia 4500
001 - CONTROL NUMBER
control field 532
003 - CONTROL NUMBER IDENTIFIER
control field GE_BSU
008 - FIXED-LENGTH DATA ELEMENTS--GENERAL INFORMATION
fixed length control field 181216s||||||||xx |||||||||||||| ||und||
020 ## - INTERNATIONAL STANDARD BOOK NUMBER
International Standard Book Number 9789941031083
040 ## - CATALOGING SOURCE
Transcribing agency GE_BSU
080 ## - UNIVERSAL DECIMAL CLASSIFICATION NUMBER
Universal Decimal Classification number 37.01
245 ## - TITLE STATEMENT
Title ეფექტიანი სწავლება. თეორია და პრაქტიკა
245 ## - TITLE STATEMENT
Statement of responsibility, etc. რედ:კუტალაძე ია
260 ## - PUBLICATION, DISTRIBUTION, ETC.
Place of publication, distribution, etc. თბილისი
260 ## - PUBLICATION, DISTRIBUTION, ETC.
Date of publication, distribution, etc. 2010
300 ## - PHYSICAL DESCRIPTION
Extent 321 გვ.
653 ## - INDEX TERM--UNCONTROLLED
Uncontrolled term ეფექტიანი სწავლება
942 ## - ADDED ENTRY ELEMENTS (KOHA)
Koha item type წიგნი
ეგზემპლარები
Withdrawn status Lost status Damaged status Not for loan Date acquired Barcode Date last seen Price effective from Koha item type
        2018-12-17 1478 2018-12-17 2018-12-17 წიგნი